• 首页
  • 本馆介绍
  • 公告通知
  • 最新文献
  • 馆藏检索
  • 电子资源
  • 读者导购
  • 参考咨询
  • 我的图书馆
  • 登录
  • 详细信息显示
  • 放入我的书架
  • 预约/预借图书
  • 作者相关作品
  • 分类相关作品
  • 丛书相关作品
  • 出版社相关作品

书目信息

  • 表格格式
  • 工作单格式
  • 卡片格式
题名:
四印斋所刻词
    
 
作者: 王鹏运 辑
分册:  
出版信息: 上海   上海古籍出版社  1989.8
页数: 1029,175页
开本: 26cm
丛书名:
单 册:
中图分类: S222.8
科图分类:
主题词: 农业机械 , 中小农具
电子资源:
ISBN:
000 00549nam0 2200205 45
001 0312221749
005 20031222170925.9
010    @dCNY42.40
100    @a20031222d1989 km y0chiy0120 ea
101    @achi
105    @a z 000yy
200 1  @a四印斋所刻词@ASi Yin Zhai Suo Ke Ci@f(清)王鹏运辑@F(Qing)Wang Peng Yun Ji
210    @a上海@c上海古籍出版社@d1989.8
215    @a1029,175页@d26cm
606 0  @a农业机械
606 0  @a中小农具
690    @aS222.8@v3
701 0  @a王鹏运@4辑
801    @aCN@bTSTCL@c20031222
905    @a213230@dS222.8@e348
    
    四印斋所刻词/(清)王鹏运辑.-上海:上海古籍出版社,1989.8
    1029,175页;26cm
    
    
    ISBN :CNY42.40
    
●
相关链接 在E读中查询图书 在五车中查询图书 在当当中查询图书 在豆瓣中查询图书


正题名:四印斋所刻词     索取号:S222.8/348         预约/预借

序号 登录号 条形码 馆藏地/架位号 状态 备注
1 0227559   202079213   第二样本阅览室/ [索取号:S222.8/348] 在馆    
唐山师范学院图书馆 欢迎您!
大连网信软件有限公司© 版权所有